Państwa Karpat - Statystyki

Ogólne statystyki
  • Ten quiz został rozwiązany 39 razy
  • Średni wynik to 7 z 8
Statystyki odpowiedzi
Państwo % Poprawnych
Czechy
100%
Polska
100%
Słowacja
100%
Węgry
100%
Rumunia
94%
Austria
90%
Ukraina
90%
Serbia
71%
Nie znaleziono quizów pasujących do podanych kryteriów
Rozkład punktacji
Procent ludzi z każdym wynikiem
Percentyl według liczby udzielonych odpowiedzi
Twoja historia wyników
Nie rozwiązałeś tego quizu